[Event "Acropolis Open"]
[Site "Athens GRE"]
[Date "2006.08.19"]
[Round "7"]
[White "Solak,D"]
[Black "Grivas,E"]
[Result "1/2-1/2"]
[WhiteElo "2564"]
[BlackElo "2496"]
[EventDate "2006.08.13"]

1. d4 Nf6 2. c4 g6 3. Nf3 Bg7 4. g3 O-O 5. Bg2 d6 6. Nc3 Nc6 7. O-O Bf5 8.
Ne1 Qd7 9. e4 Bh3 10. f4 Bxg2 11. Kxg2 e5 12. fxe5 dxe5 13. d5 Nd4 14. Nd3
Qe7 15. Nxe5 Nxe4 16. Qxd4 Nxc3 17. Re1 Rfe8 18. Bf4 Na4 19. Qd2 Nxb2 20.
Qxb2 g5 21. Kh1 gxf4 22. gxf4 Qf6 23. Rg1 Kh8 24. Rxg7 Rxe5 25. Rag1 Qxf4
26. Qg2 Qe4 27. Rxf7 Qxg2+ 28. Kxg2 Rc8 29. Kf3 b5 30. Rgg7 bxc4 31. Rxh7+
Kg8 32. Rhg7+ Kh8 33. Rh7+ Kg8 34. Rfg7+ Kf8 35. Rd7 Kg8 36. Rxc7 Rxc7 37.
Rxc7 Rxd5 38. Rxc4 Rd2 39. Rg4+ Kf7 40. Rg2 Rd4 41. Re2 a5 42. Rf2 Kg6 43.
Ke3 Rh4 44. Kd3 Kg5 45. Kc3 Kg6 46. Kd3 Kg5 47. Ke2 Ra4 48. Kf3 Rf4+ 49.
Ke3 Ra4 50. Rg2+ Kf5 51. Kd3 Rh4 52. Kc3 Kf6 53. Rb2 Ke6 54. Rf2 Ke5 55.
Kd2 Rb4 56. Ke2 Rb1 57. Kf3 Kf5 58. Kg3+ Kg6 59. Rf4 Rg1+ 60. Kf3 Rh1 61.
Kg2 Rc1 62. Ra4 Rc5 63. Kf3 Rc3+ 64. Kg4 Rc5 65. h4 Rb5 66. a3 Rc5 67. Rf4
Rc3 68. Ra4 Rc5 69. Kf4 Kf6 70. Ke3 Rh5 71. Rf4+ Kg6 72. Kd4 Kg7 73. Kc4
Kg6 74. Kb3 Kg7 75. Ka4 Kg6 76. Rf1 Kg7 77. Rf4 Kg6 78. Kb3 Kg7 79. Kc4 Kg6
80. Kd4 Kg7 81. Ke4 Kg6 82. Kf3 Rc5 83. Kg4 Rc3 84. a4 Rb3 85. Re4 Kf6 86.
h5 Rb4 87. Kf3 Rb3+ 88. Kg4 Rb4 89. Kf3 Rb3+ 90. Kf4 Rh3 91. Kg4 Rb3 92.
Rf4+ Kg7 93. Kf5 Rh3 94. Kg4 Rb3 95. Kg5 Rg3+ 96. Kh4 Rb3 97. Rg4+ Kh6 98.
Rg6+ Kh7 99. Kg5 Rb4 100. Rh6+ Kg8 101. Ra6 Rxa4 102. Ra8+ Kh7 103. Ra7+
Kg8 104. Kh6 Ra1 105. Kg6 1/2-1/2

[Event "Acropolis Open"]
[Site "Athens GRE"]
[Date "2006.08.19"]
[Round "7"]
[White "Mastrovasilis,A"]
[Black "Atakisi,U"]
[Result "1-0"]
[WhiteElo "2521"]
[BlackElo "2406"]
[EventDate "2006.08.13"]

1. Nf3 Nf6 2. c4 c5 3. g3 d5 4. d4 dxc4 5. Qa4+ Bd7 6. Qxc4 cxd4 7. Bg2 Bc6
8. O-O e6 9. Rd1 Nbd7 10. Nxd4 Bxg2 11. Kxg2 Rc8 12. Qa4 Bc5 13. Nb3 O-O
14. Nc3 Qc7 15. Bf4 e5 16. Bg5 h6 17. Bxf6 Nxf6 18. Rac1 Qb6 19. Ne4 Nxe4
20. Qxe4 Bd6 21. Rxc8 Rxc8 22. Qd5 Bc7 23. Qc4 Rd8 24. Rxd8+ Bxd8 25. Qd5
Bf6 26. e4 g6 27. h4 h5 28. a4 Qb4 29. a5 Be7 30. Kf3 a6 31. Kg2 Qb5 32.
Qxb5 axb5 33. Kf3 Kf8 34. Nc1 Bd8 35. Nd3 Bc7 36. b4 Ke7 37. Nc5 b6 38. a6
Bb8 39. Nd3 Kd6 40. g4 Kc6 41. gxh5 gxh5 42. a7 Bxa7 43. Nxe5+ Kd6 44.
Nxf7+ Ke7 45. Ne5 Kd6 46. Kf4 Bb8 47. Kf5 Bc7 48. f4 Bd8 49. Nf7+ 1-0

[Event "Acropolis Open"]
[Site "Athens GRE"]
[Date "2006.08.19"]
[Round "7"]
[White "Rozentalis,E"]
[Black "Shavtvaladze,N"]
[Result "1-0"]
[WhiteElo "2605"]
[BlackElo "2383"]
[EventDate "2006.08.13"]

1. e4 c6 2. d3 d5 3. Nd2 g6 4. g3 Bg7 5. Bg2 e5 6. Ngf3 Ne7 7. O-O O-O 8.
Qe2 Qc7 9. c3 dxe4 10. dxe4 b6 11. Re1 Ba6 12. Nc4 Nc8 13. Be3 Nd6 14. Nfd2
c5 15. Bf1 Nxc4 16. Nxc4 b5 17. Nd2 b4 18. c4 Nd7 19. Nb3 Bb7 20. Rad1 Bxe4
21. Rxd7 Qxd7 22. Nxc5 Qc6 23. Nxe4 Qxe4 24. Bg2 Qf5 25. Bxa8 Rxa8 26. Qd2
a5 27. Qd5 Qc8 28. Bb6 Qa6 29. c5 Rc8 30. Qd7 Qa8 31. b3 h5 32. h4 Rc6 33.
Qd5 Qc8 34. Rd1 Bf6 35. Qd7 Kg7 36. Qxc8 Rxc8 37. Rd5 Ra8 38. c6 a4 39.
bxa4 Rxa4 40. Ra5 1-0

[Event "Acropolis Open"]
[Site "Athens GRE"]
[Date "2006.08.19"]
[Round "7"]
[White "Kapnisis,S"]
[Black "Zysk,R"]
[Result "0-1"]
[WhiteElo "2419"]
[BlackElo "2474"]
[EventDate "2006.08.13"]

1. Nf3 d5 2. d4 Nf6 3. c4 c6 4. cxd5 cxd5 5. Nc3 Nc6 6. Bf4 e6 7. e3 Bd7 8.
Bd3 Be7 9. Ne5 Rc8 10. O-O O-O 11. Qf3 Be8 12. Qh3 Kh8 13. Bg5 g6 14. f4
Ng8 15. f5 exf5 16. Rxf5 Bxg5 17. Nxg6+ fxg6 18. Rxf8 Bd7 19. Rxd8 Bxh3 20.
Rxg8+ Rxg8 21. gxh3 Bxe3+ 22. Kg2 Rd8 23. Rf1 Bxd4 24. Ne2 Rd7 25. b3 Be5
26. a3 Bb2 27. a4 Be5 28. Rf8+ Kg7 29. Rc8 Ne7 30. Ra8 a6 31. b4 Nc6 32. b5
Nb4 33. Bb1 d4 34. bxa6 bxa6 35. Re8 Bf6 36. Nf4 d3 37. Re1 d2 38. Rd1 Rd6
39. Kf3 Bg5 40. Ne2 Rf6+ 41. Kg3 Nd5 42. h4 Bh6 43. Kh3 Rf2 0-1

[Event "Acropolis Open"]
[Site "Athens GRE"]
[Date "2006.08.19"]
[Round "7"]
[White "Managadze,N"]
[Black "Botsari,A"]
[Result "1-0"]
[WhiteElo "2444"]
[BlackElo "2372"]
[EventDate "2006.08.13"]

1. Nf3 d5 2. e3 Nf6 3. c4 c6 4. b3 Bg4 5. Bb2 Nbd7 6. h3 Bh5 7. Be2 e6 8.
O-O Bd6 9. d4 Qb8 10. Nc3 O-O 11. Nd2 Bxe2 12. Qxe2 e5 13. cxd5 exd4 14.
exd4 cxd5 15. Qf3 Bh2+ 16. Kh1 Bf4 17. Ndb1 Nb6 18. a4 a5 19. Na3 Bd2 20.
Nab5 Qf4 21. Qxf4 Bxf4 22. Ba3 Rfc8 23. Rad1 g6 24. Rfe1 Re8 25. g3 Bh6 26.
Be7 Ne4 27. Nxe4 dxe4 28. Rxe4 Nd5 29. Rde1 Bg7 30. Kg2 h5 31. Nd6 Reb8 32.
Bg5 b6 33. Rc1 Ra7 34. Nb5 Rd7 35. Re2 f6 36. Bd2 Kf7 37. Rc6 Bf8 38. Bf4
Rbd8 39. h4 Be7 40. Re1 Bb4 41. Re2 Be7 42. Bd2 Rb7 43. Re1 Bf8 44. Rec1
Be7 45. Bf4 Nb4 46. Rc7 Rd7 47. Rxb7 Rxb7 48. Bd6 Nd5 49. Bxe7 Kxe7 50. Rc6
Nb4 51. Rc8 Rd7 52. Kf3 Ke6 53. Ke4 f5+ 54. Kf4 Kf6 55. Rf8+ Kg7 56. Rb8
Kf7 57. Kg5 Nd5 58. Rc8 Ne7 59. Rc7 Rxc7 60. Nxc7 Nc6 61. Nb5 Ne7 62. Nd6+
Kg7 63. Nc4 Nd5 64. Ne3 Nc7 65. d5 Kf7 66. Nc4 Nxd5 67. Ne5+ Ke6 68. Nxg6
Nc3 69. Nf4+ Ke5 70. Kxh5 Ne4 71. Kg6 Nxf2 72. h5 1-0

[Event "Acropolis Open"]
[Site "Athens GRE"]
[Date "2006.08.19"]
[Round "7"]
[White "Haznedaroglu,K"]
[Black "Yagiz,Y"]
[Result "1-0"]
[WhiteElo "2454"]
[BlackElo "2343"]
[EventDate "2006.08.13"]

1. e4 e5 2. Nf3 Nc6 3. Bb5 a6 4. Ba4 d6 5. Bxc6+ bxc6 6. d4 exd4 7. Nxd4 c5
8. Nf3 Nf6 9. O-O Be7 10. e5 Ng4 11. exd6 Qxd6 12. h3 Ne5 13. Nxe5 Qxe5 14.
Re1 Qd6 15. Qf3 Rb8 16. Bf4 Qf6 17. Nc3 Bb7 18. Qg3 O-O 19. Be5 Qg5 20.
Bxg7 Qxg3 21. fxg3 Rfe8 22. Be5 Bd6 23. Bxd6 cxd6 24. Rxe8+ Rxe8 25. Rd1
Re6 26. g4 Kf8 27. Kf2 Ke7 28. Rd2 Re5 29. a3 a5 30. Ne2 a4 31. Nf4 Re4 32.
g3 Bc6 33. g5 Re5 34. Re2 Be4 35. h4 f6 36. gxf6+ Kxf6 37. c4 Bb7 38. Re3
Re4 39. Rxe4 Bxe4 40. Ke3 Bb7 41. g4 Bc8 42. g5+ Kf5 43. Kf3 Ba6 44. Nd5
Bb7 45. Kg3 Bxd5 46. cxd5 Ke5 47. h5 Kf5 48. Kh4 Ke5 49. Kg4 c4 50. h6 1-0

[Event "Acropolis Open"]
[Site "Athens GRE"]
[Date "2006.08.19"]
[Round "7"]
[White "Kalesis,N"]
[Black "Papadopoulos,I"]
[Result "0-1"]
[WhiteElo "2435"]
[BlackElo "2285"]
[EventDate "2006.08.13"]

1. d4 Nf6 2. c4 e6 3. Nc3 Bb4 4. Qc2 O-O 5. a3 Bxc3+ 6. Qxc3 b5 7. cxb5 c6
8. f3 Nd5 9. Qd3 cxb5 10. e4 Ne7 11. Nh3 Nbc6 12. Be2 d5 13. e5 Nf5 14. Be3
Nxe3 15. Qxe3 Qh4+ 16. Qf2 Qxd4 17. f4 Qxb2 18. Rd1 Qc3+ 19. Kf1 Qxa3 20.
Bd3 h6 21. Qg3 b4 22. Nf2 Ba6 23. h4 Bxd3+ 24. Rxd3 Qc1+ 25. Ke2 Qc2+ 26.
Kf3 f6 27. exf6 Rxf6 0-1

[Event "Acropolis Open"]
[Site "Athens GRE"]
[Date "2006.08.19"]
[Round "7"]
[White "Klokas,K"]
[Black "Erdogdu,M"]
[Result "0-1"]
[WhiteElo "2193"]
[BlackElo "2386"]
[EventDate "2006.08.13"]

1. e4 c5 2. Nf3 d6 3. d4 cxd4 4. Nxd4 Nf6 5. Nc3 a6 6. Bg5 e6 7. f4 Qb6 8.
Qd2 Qxb2 9. Nb3 Qa3 10. Bxf6 gxf6 11. Be2 h5 12. O-O Nd7 13. f5 Be7 14. Rf3
Nc5 15. Rh3 h4 16. Qf4 Bd7 17. Rxh4 Rxh4 18. Qxh4 Nxb3 0-1

[Event "Acropolis Open"]
[Site "Athens GRE"]
[Date "2006.08.19"]
[Round "7"]
[White "Sarandos,V"]
[Black "Markidis,K"]
[Result "0-1"]
[WhiteElo "2278"]
[BlackElo "2370"]
[EventDate "2006.08.13"]

1. d4 Nf6 2. c4 d6 3. Nc3 g6 4. e4 Bg7 5. f4 c5 6. d5 O-O 7. Nf3 e6 8. Be2
exd5 9. cxd5 Bg4 10. O-O Nbd7 11. Re1 Bxf3 12. Bxf3 Ne8 13. g4 h6 14. h4
Qxh4 15. Kg2 Qd8 16. Rh1 Nef6 17. Be3 Re8 18. a4 a6 19. a5 b5 20. axb6 Qxb6
21. Qd2 Nh7 22. e5 dxe5 23. d6 Rab8 24. Ra2 exf4 25. Bxf4 Ng5 26. Bd5 Qb4
27. Bc6 Red8 28. Re1 Ne6 29. Re4 Nxf4+ 30. Qxf4 Qb6 31. Nd5 Qb3 32. Ne7+
Kh8 33. Bd5 Qc2+ 34. Kh1 Nf6 35. Re1 Nxd5 36. Nxd5 Rb3 37. Ra3 Rxb2 38. Ne3
Qf2 39. Qxf2 Rxf2 40. Rxa6 Rd2 41. Nc4 Rd4 42. Rc1 Kg8 43. Ra7 Bf8 44. Ne5
R8xd6 45. Nxf7 Rd1+ 46. Rxd1 Rxd1+ 47. Kg2 Rd5 48. Kf3 Bg7 49. Ke4 Rd4+ 50.
Kf3 g5 51. Ke3 Rxg4 52. Nd6 Rf4 53. Ne4 Bd4+ 54. Kd3 g4 55. Ra6 Kg7 56. Rc6
h5 57. Rc7+ Rf7 58. Nxc5 Bxc5 59. Rxc5 Kg6 60. Ke4 g3 61. Rc6+ Kg5 62. Rc8
Kg4 0-1

[Event "Acropolis Open"]
[Site "Athens GRE"]
[Date "2006.08.19"]
[Round "7"]
[White "Grigoriadis,A"]
[Black "Vouldis,A"]
[Result "0-1"]
[WhiteElo "2214"]
[BlackElo "2521"]
[EventDate "2006.08.13"]

1. d4 Nf6 2. c4 g6 3. Nc3 Bg7 4. e4 O-O 5. f3 d6 6. Nge2 c5 7. d5 e6 8. Be3
exd5 9. cxd5 h5 10. Qd2 a6 11. a4 Nbd7 12. Nc1 Ne5 13. Nb3 Nh7 14. Be2 f5
15. f4 Ng4 16. Bxg4 hxg4 17. e5 c4 18. Nd4 dxe5 19. fxe5 Bxe5 20. O-O Bd7
21. a5 g5 22. g3 Qe7 23. Rae1 Rae8 24. Nc2 Qd6 25. Bxg5 Qc5+ 26. Kg2 Qxa5
27. Bf4 Bg7 28. Bd6 Rxe1 29. Rxe1 Re8 30. Be7 Qb6 31. Ba3 Rxe1 32. Qxe1 Qh6
33. Qe7 Qd2+ 34. Kf1 Qd3+ 35. Ne2 Qd1+ 36. Kf2 Qxd5 37. Ne3 Qf3+ 38. Ke1
Nf6 39. Nf4 Qh1+ 0-1

[Event "Acropolis Open"]
[Site "Athens GRE"]
[Date "2006.08.19"]
[Round "7"]
[White "Valden,P"]
[Black "Simeonidis,I"]
[Result "1-0"]
[WhiteElo "2165"]
[BlackElo "2299"]
[EventDate "2006.08.13"]

1. Nf3 Nf6 2. c4 e6 3. Nc3 Bb4 4. g3 O-O 5. Bg2 d5 6. cxd5 exd5 7. a3 Be7
8. d4 c6 9. O-O Nbd7 10. h3 Re8 11. b4 a6 12. Ne5 Bd6 13. f4 Nb6 14. Qb3
Bf8 15. Kh2 Nfd7 16. Bb2 f6 17. Nxd5 1-0

[Event "Acropolis Open"]
[Site "Athens GRE"]
[Date "2006.08.19"]
[Round "7"]
[White "Dounis,A"]
[Black "Gogolis,A"]
[Result "1-0"]
[WhiteElo "2152"]
[BlackElo "2293"]
[EventDate "2006.08.13"]

1. e4 d5 2. exd5 Qxd5 3. Nc3 Qa5 4. Bc4 c6 5. d3 Bf5 6. Qe2 Nf6 7. Bd2 Nbd7
8. Nb5 Qxb5 9. Bxb5 cxb5 10. Nf3 a6 11. Ne5 Nxe5 12. Qxe5 g6 13. Bb4 Rc8
14. O-O Be6 15. d4 Rd8 16. Rad1 Rg8 17. Ba5 Rc8 18. d5 Nd7 19. Qe2 Bf5 20.
g4 Bxc2 21. Rc1 1-0

[Event "Acropolis Open"]
[Site "Athens GRE"]
[Date "2006.08.19"]
[Round "7"]
[White "Dagkakis,P"]
[Black "Petritaj,Fo"]
[Result "1-0"]
[WhiteElo "2267"]
[BlackElo "2210"]
[EventDate "2006.08.13"]

1. e4 c6 2. d4 d5 3. e5 Bf5 4. Nf3 e6 5. Be2 Nd7 6. O-O Ne7 7. c3 c5 8. Na3
Nc6 9. Nc2 Bxc2 10. Qxc2 Rc8 11. Qd1 Be7 12. Be3 O-O 13. Bd3 c4 14. Bc2 b5
15. a3 f6 16. exf6 Rxf6 17. Bg5 Rf7 18. Qd2 Nf8 19. Rae1 a5 20. Bxe7 Rxe7
21. Re3 Qd6 22. Ng5 e5 23. dxe5 Nxe5 24. Rfe1 Rd8 25. Qd4 Nc6 26. Qh4 h6
27. Rxe7 Nxe7 28. Nf3 Nc6 29. Nd4 Nxd4 30. Qxd4 b4 31. axb4 axb4 32. g3
bxc3 33. bxc3 Nd7 34. Bf5 Nf6 35. Re6 Qf8 36. h4 Re8 37. Qe5 Kh8 38. Kg2
Rxe6 39. Qxe6 Qc5 40. g4 Qf8 41. Bg6 Qg8 42. Bf7 Qa8 43. g5 d4+ 44. f3 hxg5
45. hxg5 Nh7 46. Qh3 Qa2+ 47. Kg3 Qa3 48. g6 Qd6+ 49. Kf2 1-0

[Event "Acropolis Open"]
[Site "Athens GRE"]
[Date "2006.08.19"]
[Round "7"]
[White "Citak,S"]
[Black "Kokolias,K"]
[Result "1/2-1/2"]
[WhiteElo "2258"]
[BlackElo "2188"]
[EventDate "2006.08.13"]

1. d4 d5 2. c4 c6 3. Nf3 Nf6 4. e3 Bf5 5. Nc3 e6 6. Nh4 Bg6 7. Nxg6 hxg6 8.
g3 Nbd7 9. Bg2 Bd6 10. O-O Qc7 11. e4 Nxe4 12. Nxe4 dxe4 13. c5 Be7 14. Bf4
e5 15. dxe5 g5 16. Be3 Bxc5 17. e6 fxe6 18. Bxc5 Nxc5 19. Qd4 Qe7 20. Rac1
Nd7 21. Qxe4 Kf7 22. h3 Nf6 23. Qe5 g4 24. h4 Rh5 25. Qe3 Rf5 26. Be4 Nxe4
27. Qxe4 Rd8 28. Rc2 Qf6 29. Qxg4 Rd4 30. Qh3 Rd3 31. Qg4 Rd4 32. Qh3 Rfd5
33. Re2 Rd2 34. Rfe1 Rxe2 35. Rxe2 Rd1+ 36. Kg2 Qf5 37. Qxf5+ exf5 1/2-1/2

[Event "Acropolis Open"]
[Site "Athens GRE"]
[Date "2006.08.19"]
[Round "7"]
[White "Gamback,B"]
[Black "Stefanopoulos,O"]
[Result "1/2-1/2"]
[WhiteElo "2179"]
[BlackElo "2246"]
[EventDate "2006.08.13"]

1. Nf3 Nf6 2. c4 c5 3. b3 g6 4. Bb2 Bg7 5. e3 O-O 6. d3 b6 7. Nbd2 Bb7 8.
Be2 d5 9. cxd5 Nxd5 10. Bxg7 Kxg7 11. Qc2 Nc6 12. a3 e5 13. O-O Qe7 14.
Rfe1 Rfe8 15. Bf1 Nc7 16. Qb2 f6 17. Rac1 Ne6 18. Rc2 Rac8 19. Rec1 Qd6 20.
Ne4 Qe7 21. Nfd2 f5 22. Nc3 Nc7 23. Nd1 Nd5 24. Nf3 Qf6 25. Nc3 Nxc3 26.
Qxc3 g5 27. Qb2 g4 28. Nd2 Qe7 29. Nc4 Ba6 30. Qa1 Bxc4 31. Rxc4 a5 32. Qb2
Red8 33. b4 axb4 34. axb4 Nxb4 35. d4 exd4 36. exd4 Qf6 37. Qb3 Nc6 38.
Qxb6 Nxd4 39. Qa7+ Qf7 40. Qxf7+ Kxf7 41. Rxc5 Rxc5 42. Rxc5 Kf6 43. Rc1 h5
44. Ra1 h4 45. Ra6+ Kg5 46. Ra3 Ne6 47. Rd3 Rb8 48. Rd6 Nf4 49. g3 Ng6 50.
Be2 Ne5 51. gxh4+ Kxh4 52. Rd3 Re8 53. Rd6 f4 54. Rd4 Ng6 55. Kf1 Ra8 56.
Rd2 f3 57. Bd1 Ra1 58. Ke1 Nf4 59. Rd4 Ne2 60. Rc4 Rc1 61. Rxc1 Nxc1 62.
Kd2 Kh3 63. Ke3 Kxh2 64. Bxf3 gxf3 65. Kxf3 Nd3 66. Ke3 Nxf2 1/2-1/2

[Event "Acropolis Open"]
[Site "Athens GRE"]
[Date "2006.08.19"]
[Round "7"]
[White "Logothetis,S"]
[Black "Kharlampidi,T"]
[Result "1/2-1/2"]
[WhiteElo "2321"]
[BlackElo "2181"]
[EventDate "2006.08.13"]

1. d4 Nf6 2. c4 c5 3. d5 e5 4. Nc3 d6 5. e4 Be7 6. Nge2 O-O 7. Ng3 Ne8 8.
h4 a6 9. Bd3 Nd7 10. Be3 Ndf6 11. f3 g6 12. Qd2 Ng7 13. O-O-O h5 14. Nge2
Bd7 15. Bg5 Nh7 16. Bxe7 Qxe7 17. g3 b5 18. Rdf1 bxc4 19. Bc2 Rab8 20. f4
Nf6 21. f5 Ng4 22. f6 Nxf6 23. Qg5 Nge8 24. g4 Bxg4 25. Ng3 Rb7 26. Nf5
Bxf5 27. exf5 Ng4 28. fxg6 Qxg5+ 29. hxg5 Ng7 30. Ne4 fxg6 31. Rxf8+ Kxf8
32. Nxd6 Rd7 33. Nxc4 Rxd5 34. Bxg6 Rd4 35. b3 Nf2 36. Rf1 Rf4 37. Nxe5 Ne6
38. Nd3 Nxd3+ 39. Bxd3 Rxf1+ 40. Bxf1 a5 41. Kd2 Nxg5 42. Kc3 Ne4+ 43. Kd3
Nd6 44. Ke3 Kg7 45. Kf4 Kf6 46. Bg2 Ke6 47. Bf3 h4 48. Bg2 Nb5 49. Ke4 Nc3+
50. Kd3 Nxa2 51. Kc4 Kd6 52. Kb5 Nc1 53. Kc4 Ne2 54. Kb5 Nf4 55. Bh1 Ne6
56. Bg2 Nd4+ 57. Kc4 Ke5 58. Kxc5 Nxb3+ 59. Kb5 Kf4 60. Bh3 Kg3 61. Bc8
Nd4+ 62. Kxa5 Nf3 63. Kb4 Ne5 64. Kc3 Ng4 65. Kd2 h3 66. Ke2 h2 67. Bb7 Nf6
68. Bh1 Nh5 69. Ke1 Nf4 70. Kf1 Nd3 71. Ke2 Nf2 72. Bb7 1/2-1/2

[Event "Acropolis Open"]
[Site "Athens GRE"]
[Date "2006.08.19"]
[Round "7"]
[White "Tassopoulos,M"]
[Black "Himaras,S"]
[Result "1/2-1/2"]
[WhiteElo "2270"]
[BlackElo "2193"]
[EventDate "2006.08.13"]

1. e4 c6 2. c4 d5 3. exd5 Nf6 4. Nc3 cxd5 5. cxd5 Nxd5 6. Nf3 g6 7. Ne5 Nc6
8. Bb5 Qd6 9. d4 Bg7 10. O-O O-O 11. Ne4 Qc7 12. Nxc6 bxc6 13. Bc4 Qb6 14.
Nc3 Be6 15. Bxd5 Bxd5 16. Nxd5 cxd5 17. Be3 Qxb2 18. Qb3 Qxb3 19. axb3 Rfb8
20. Rfb1 e6 21. g3 Bf6 22. Ra6 Kg7 23. Kf1 Rb4 24. Ra4 Rab8 25. Rxa7 Rxb3
26. Rxb3 Rxb3 27. Ra4 Rb2 28. Kg2 Rb7 29. h4 Be7 30. Kf3 Rb4 31. Ra2 Bf6
32. Rd2 h5 33. Rd1 Bd8 34. Ke2 Bb6 35. Kd3 Kf6 36. Rc1 Kf5 37. Rc8 e5 38.
dxe5 Bxe3 39. Kxe3 Kxe5 40. Re8+ Kf5 41. Rd8 Rb5 42. Kd4 Rb2 43. Rxd5+ Ke6
44. Re5+ Kf6 45. f4 Rg2 46. Rg5 Re2 47. Kd3 Re1 48. Kd2 Re6 49. Ra5 1/2-1/2

[Event "Acropolis Open"]
[Site "Athens GRE"]
[Date "2006.08.19"]
[Round "7"]
[White "Khetsuriani,B"]
[Black "Fragiadakis,K"]
[Result "1/2-1/2"]
[WhiteElo "2393"]
[BlackElo "2223"]
[EventDate "2006.08.13"]

1. e4 c6 2. d4 d5 3. exd5 cxd5 4. Bd3 Nf6 5. h3 Bd7 6. Nf3 e6 7. O-O Be7 8.
c3 O-O 9. Re1 Nc6 10. Bf4 a6 1/2-1/2

[Event "Acropolis Open"]
[Site "Athens GRE"]
[Date "2006.08.19"]
[Round "7"]
[White "Kotrotsos,V"]
[Black "Kakadelis,S"]
[Result "1-0"]
[WhiteElo "2294"]
[BlackElo "2157"]
[EventDate "2006.08.13"]

1. e4 e5 2. Nf3 Nc6 3. Nc3 Nf6 4. g3 Bb4 5. Bg2 d6 6. d3 h6 7. O-O Bg4 8.
h3 Bh5 9. Be3 Bc5 10. g4 Bg6 11. a3 a5 12. d4 Bb6 13. d5 Nb8 14. Bxb6 cxb6
15. Nd2 O-O 16. Qe2 Nbd7 17. Nb5 Nc5 18. b4 Na6 19. Nc4 Ne8 20. c3 Rc8 21.
Rfc1 Bh7 22. Bf1 h5 23. f3 hxg4 24. hxg4 g6 25. Qe3 f5 26. Nxb6 fxe4 27.
fxe4 Rf4 28. Nxc8 Rxg4+ 29. Bg2 Qxc8 30. Re1 g5 31. Qh3 Qd7 32. c4 Nf6 33.
Nc3 axb4 34. axb4 Nxb4 35. Ra8+ Kg7 36. Rf1 Rf4 37. Qxd7+ Nxd7 38. Rxf4
gxf4 39. Rd8 Nb6 40. Rb8 Nxc4 41. Rxb7+ 1-0

[Event "Acropolis Open"]
[Site "Athens GRE"]
[Date "2006.08.19"]
[Round "7"]
[White "Pandavos,P"]
[Black "Delithanasis,D"]
[Result "0-1"]
[WhiteElo "2312"]
[BlackElo "2264"]
[EventDate "2006.08.13"]

1. e4 c5 2. Nf3 e6 3. d4 cxd4 4. Nxd4 Nc6 5. g3 a6 6. Bg2 Qc7 7. Nc3 d6 8.
O-O Bd7 9. Nde2 Be7 10. Nf4 Nf6 11. g4 h6 12. Nd3 Ne5 13. h3 g5 14. f4 gxf4
15. Bxf4 Bc6 16. Nxe5 dxe5 17. Bxh6 Rxh6 18. g5 Rg6 19. gxf6 Bxf6 20. Qh5
O-O-O 21. Kh1 Qb6 22. b3 Rdg8 23. Rg1 Qd4 24. Ne2 Qe3 25. Qf3 Qh6 26. c3
Bd8 0-1

[Event "Acropolis Open"]
[Site "Athens GRE"]
[Date "2006.08.20"]
[Round "8"]
[White "Romanishin,O"]
[Black "Svetushkin,D"]
[Result "1/2-1/2"]
[WhiteElo "2555"]
[BlackElo "2569"]
[EventDate "2006.08.13"]

1. d4 d5 2. Nf3 Nf6 3. c4 c6 4. e3 Bf5 5. Bd3 Bxd3 6. Qxd3 e6 7. O-O Nbd7
8. Rd1 Be7 9. Nc3 O-O 10. e4 dxe4 11. Nxe4 Nxe4 12. Qxe4 Re8 13. Bf4 Qb6
14. Qc2 Rad8 15. Rd3 Qa6 16. Ng5 Nf8 17. Ne4 b6 18. c5 Bxc5 19. Nxc5 bxc5
20. Ra3 Qb5 21. dxc5 e5 22. Be3 Rd7 23. h3 Ne6 24. Rb3 Qa6 25. Ra3 Qb5 26.
Rb3 Qa5 27. Ra3 Qd8 28. Qe4 Qc8 29. Re1 f6 30. Qc4 Kh8 31. b4 Qb7 32. Rd3
Rxd3 33. Qxd3 Qxb4 34. Rb1 Nxc5 35. Qd1 Qa5 36. Qd6 Qxa2 37. Rb8 Rxb8 38.
Qxb8+ Qg8 39. Qxg8+ Kxg8 40. Bxc5 a5 41. Kf1 Kf7 42. Ke2 Ke6 43. Kd3 Kd5
44. Bf8 g6 45. Be7 f5 46. g3 c5 47. Bg5 a4 48. Bc1 c4+ 49. Kc3 Ke4 50. f4
exf4 51. Bxf4 a3 52. h4 Kf3 53. Kc2 h6 54. Kc3 Kg4 55. Be5 g5 56. hxg5 hxg5
57. Kxc4 a2 58. Kd3 Kf3 59. Kc2 a1=Q 60. Bxa1 Kxg3 61. Bf6 g4 62. Kd2 f4
63. Be5 Kf3 64. Ke1 g3 1/2-1/2

[Event "Acropolis Open"]
[Site "Athens GRE"]
[Date "2006.08.20"]
[Round "8"]
[White "Gelashvili,T"]
[Black "Kotanjian,T"]
[Result "1-0"]
[WhiteElo "2575"]
[BlackElo "2515"]
[EventDate "2006.08.13"]

1. e4 c5 2. Nc3 Nc6 3. f4 d6 4. Nf3 g6 5. Bb5 Bd7 6. O-O Bg7 7. d3 a6 8.
Bxc6 Bxc6 9. Qe1 e6 10. f5 exf5 11. Bg5 f6 12. exf5+ Ne7 13. Bf4 d5 14. d4
O-O 15. fxg6 Nxg6 16. Qd2 Nxf4 17. Qxf4 Qb6 18. Ne2 Rae8 19. Ng3 Bd7 20.
Kh1 f5 21. dxc5 Qxc5 22. c3 Re4 23. Qd2 Bb5 24. Rfe1 Be8 25. Nxe4 dxe4 26.
Nd4 Qb6 27. Rf1 Bg6 28. Rae1 Be5 29. Qg5 Qf6 30. Qxf6 Rxf6 31. Nf3 Bf4 32.
Nh4 Bd2 33. Nxg6 Bxe1 34. Ne7+ Kf8 35. Nxf5 Bd2 36. g4 Ke8 37. Rf2 e3 38.
Re2 Bc1 39. Kg2 Rb6 40. b3 Rg6 1-0

[Event "Acropolis Open"]
[Site "Athens GRE"]
[Date "2006.08.20"]
[Round "8"]
[White "Mastrovasilis,D"]
[Black "Georgiev,Vl"]
[Result "0-1"]
[WhiteElo "2567"]
[BlackElo "2518"]
[EventDate "2006.08.13"]

1. e4 e5 2. Nf3 Nc6 3. Bb5 a6 4. Ba4 Nf6 5. O-O Bc5 6. c3 b5 7. Bb3 d6 8.
a4 Bg4 9. h3 Bxf3 10. Qxf3 b4 11. a5 O-O 12. d3 Rb8 13. Nd2 Na7 14. Bc4 Nb5
15. Nb3 bxc3 16. bxc3 Ba7 17. Bg5 Nxc3 18. Rfc1 Nb5 19. Bd5 Bd4 20. Bxf6
gxf6 21. Ra2 c5 22. Bc4 Kh8 23. Qh5 Qe7 24. Nxd4 cxd4 25. Rb2 Rg8 26. Rcb1
Rb7 27. Rb3 Qc7 28. Qf3 Kg7 29. Qg4+ Kh8 30. Qf3 Kg7 31. Qg3+ Kh8 32. Qh4
Rg6 33. f4 exf4 34. Qxf4 Qxa5 35. h4 h5 36. R3b2 Nc3 37. Qf2 Rxb2 38. Rxb2
Nd1 39. Qd2 Qa1 40. Rb8+ Kg7 41. Qe1 Qc1 42. g3 Qe3+ 43. Qxe3 dxe3 44. Kf1
Rxg3 45. Rb3 a5 46. Ke2 Nf2 47. Rb5 Nh3 48. Rf5 Ng1+ 49. Kf1 e2+ 50. Kf2
Re3 0-1

[Event "Acropolis Open"]
[Site "Athens GRE"]
[Date "2006.08.20"]
[Round "8"]
[White "Aroshidze,L"]
[Black "Nikolaidis,I"]
[Result "1-0"]
[WhiteElo "2490"]
[BlackElo "2538"]
[EventDate "2006.08.13"]

1. e4 c6 2. d4 d5 3. e5 Bf5 4. Nc3 e6 5. g4 Bg6 6. Nge2 c5 7. Be3 Qb6 8. f4
Nc6 9. f5 exf5 10. Bg2 cxd4 11. Nxd4 fxg4 12. Nxd5 Qa5+ 13. c3 Nxd4 14.
Qxd4 Ne7 15. O-O-O Nxd5 16. Qxd5 Qxd5 17. Bxd5 Rc8 18. Bxb7 Rc7 19. Ba6 Bc5
20. Bb5+ Ke7 21. Bg5+ Ke6 22. Bc4+ Kf5 23. Bd2 Bf2 24. Bb3 g3 25. Rdf1 Kg4
26. hxg3 Kxg3 27. Bg5 Kg4 28. Rxf2 Kxg5 29. Rg1+ Kh6 30. Bd1 Bh5 31. Bxh5
g6 32. Bd1 Re8 33. Bb3 Kg7 34. Rgf1 Ree7 35. Rf6 g5 36. R6f5 h6 37. Bd1 1-0

[Event "Acropolis Open"]
[Site "Athens GRE"]
[Date "2006.08.20"]
[Round "8"]
[White "Mastrovasilis,A"]
[Black "Georgiadis,I"]
[Result "1/2-1/2"]
[WhiteElo "2521"]
[BlackElo "2312"]
[EventDate "2006.08.13"]

1. d4 Nf6 2. Nf3 e6 3. c4 b6 4. e3 Bb7 5. Bd3 Bb4+ 6. Bd2 Bxd2+ 7. Nbxd2
O-O 8. e4 d5 9. cxd5 exd5 10. e5 Ne4 11. O-O Nd7 12. b4 c5 13. bxc5 bxc5
14. Qc2 cxd4 15. Nxe4 dxe4 16. Bxe4 Rc8 17. Qb1 Bxe4 18. Qxe4 Rc4 19. Rad1
Nc5 20. Qc6 d3 21. h3 Qb6 22. Qxb6 axb6 23. Rb1 Rc2 24. Rxb6 Rxa2 25. Rd6
h6 26. Rd5 Rc8 27. Rc1 Rc2 28. Rd1 Ne4 29. R5xd3 Nxf2 30. Rd8+ Rxd8 31.
Rxd8+ Kh7 32. Rd7 Kg8 33. Rd8+ Kh7 34. Rf8 Kg6 35. e6 Nxh3+ 36. gxh3 fxe6
37. Nd4 Rc1+ 38. Kf2 e5 39. Nf3 e4 40. Nd4 Rc3 41. Ne2 Ra3 42. Kg2 Kg5 43.
Re8 Ra2 44. Rxe4 Kf5 45. Re3 g5 46. Kf3 Ra6 47. Nd4+ Kf6 48. Ke4 Ra1 49.
Rc3 Re1+ 50. Kd5 Re5+ 51. Kd6 Re4 52. Rf3+ Kg6 53. Kd5 Re1 54. Nc6 Kh5 55.
Ne5 Ra1 56. Ke6 Ra6+ 57. Kf5 Ra5 58. Rd3 Kh4 59. Kf6 Ra6+ 60. Kg7 Re6 61.
Re3 Kh5 62. Re4 Ra6 63. Nd7 Ra7 64. Rd4 g4 65. hxg4+ Kg5 66. Kf7 h5 67.
gxh5 Kxh5 68. Kf6 Ra6+ 69. Kf5 Ra5+ 70. Ne5 Ra1 71. Rf4 Kh6 72. Rg4 Rf1+
73. Ke4 Ra1 74. Rg6+ Kh5 75. Rg3 Re1+ 76. Kf4 Rf1+ 77. Nf3 Ra1 78. Kf5 Kh6
79. Rg6+ Kh7 80. Ng5+ Kh8 81. Kf6 Rf1+ 82. Ke7 Re1+ 83. Kf8 Re8+ 84. Kf7
Rf8+ 85. Ke7 Rf1 86. Ne4 Kh7 87. Rg4 Kh6 88. Ng3 Ra1 89. Kf6 Ra6+ 90. Kf5
Ra5+ 91. Kf4 Ra4+ 92. Ne4 Ra1 93. Rg3 Ra4 94. Kf5 Ra5+ 95. Ke6 Ra6+ 96. Nd6
Kh5 97. Kf5 Ra5+ 98. Kf4 Ra4+ 99. Ne4 Kh6 100. Rc3 Kg6 101. Rc6+ Kf7 102.
Kf5 Ra5+ 103. Nc5 Ke7 104. Ke5 Kf7 105. Rc8 Ra1 106. Rc7+ Kg6 107. Rc6+ Kf7
108. Ne4 Ra5+ 109. Kf4 Ke7 110. Nf6 Ra1 111. Ke5 Re1+ 112. Ne4 Kd7 113. Rc2
Re3 114. Rc1 Re2 115. Kd5 Ra2 116. Re1 Kc7 117. Nc3 1/2-1/2